00632nam a2200193Ia 4500008004100000020001800041082001600059100002500075245005000100250000700150260004200157300002300199500001900222600002700241650001500268942000700283952013100290999001700421240925s9999 xx 000 0 und d a9789332555235 a629.892 SCH aSchilling, Robert J. 0aFundamentals of Robotics Analysis and Control aNA aNew Delhi:bPearson Educationc,1990. a345p.b0fOriginal aIncludes Index aElectronic Engineering aTechnology cBK 001040708ELaUITUbUITUd2017-09-14eH & S Enterprisesg955.35l0o629.892 SCHpQ11380r2024-09-25 07:16:03w2024-09-25yBK c13879d13879